Análisis de la fundamentación didáctica de los libros de texto de conocimiento del medio social y cultural (Record no. 205501)

MARC details
000 -CABECERA
campo de control de longitud fija 01751nab a2200265 a 4500
005 - FECHA Y HORA DE LA ÚLTIMA TRANSACCIÓN
campo de control 20260108064009.0
008 - ELEMENTOS DE LONGITUD FIJA--INFORMACIÓN GENERAL
campo de control de longitud fija 991125c2017 sp fr p o 000 0 spa d
035 ## - NÚMERO DE CONTROL DEL SISTEMA
Número de control de sistema UPN01000233406
040 ## - FUENTE DE LA CATALOGACIÓN
Centro catalogador/agencia de origen MX-MxUPN
Lengua de catalogación spa
Centro/agencia transcriptor MX-MxUPN
Normas de descripción aacr2
049 ## - COLECCIÓN
Colección ART-E
100 1# - ASIENTO PRINCIPAL--NOMBRE PERSONAL
Nombre de persona Travé González, Gabriel
100 1# - ASIENTO PRINCIPAL--NOMBRE PERSONAL
Nombre de persona Estepa, Jesús
100 1# - ASIENTO PRINCIPAL--NOMBRE PERSONAL
Nombre de persona Delval Merino, Juan A.,
Fechas asociadas al nombre 1941-
9 (RLIN) 34015
245 10 - MENCIÓN DE TÍTULO
Título Análisis de la fundamentación didáctica de los libros de texto de conocimiento del medio social y cultural
Medio [recurso electrónico en línea]
506 0# - NOTA DE RESTRICCIONES AL ACCESO
Limitaciones de acceso Acceso abierto
520 3# - NOTA DE RESUMEN, ETC.
Sumario, etc. Este artículo focaliza la atención sobre los materiales curriculares con el objetivo de analizar la fundamentación didáctica que explícita o tácitamente presentan los libros de texto de Conocimiento del Medio. Se han seleccionado los temas referidos a sociedades actuales e históricas y actividades económicas en Primaria, a través del estudio de las editoriales mayoritarias del panorama español y de entrevistas al profesorado que las utiliza. Entre las conclusiones, se identifican en los textos obstáculos epistemológicos, axiológicos y psicológicos que dificultan la comprensión por el alumnado de las complejas sociedades actuales y de las históricas, constatando la inadecuación de los textos a los avances producidos por la investigación didáctica y psicológica.
650 #4 - ASIENTO SECUNDARIO DE MATERIA - TERMINO TEMATICO
Término de materia o nombre geográfico como elemento de entrada Libros de texto
9 (RLIN) 4427
650 #4 - ASIENTO SECUNDARIO DE MATERIA - TERMINO TEMATICO
Término de materia o nombre geográfico como elemento de entrada Ciencias sociales
9 (RLIN) 9133
653 0# - TERMINO DE INDIZACION - NO CONTROLADO
Término no controlado Percepción docente
773 ## - ENLACE AL DOCUMENTO FUENTE/ENTRADA DE REGISTRO ANFITRIÓN
Parte(s) relacionada(s) Vol. 20, no. 1 (2017), p. 319-338
Título Educación xxi
Número Internacional Normalizado para Publicaciones Seriadas 1139-613X
856 40 - LOCALIZACIÓN Y ACCESO ELECTRÓNICOS
Identificador Uniforme del Recurso <a href="http://revistas.uned.es/index.php/educacionXX1/article/view/17514/14947">http://revistas.uned.es/index.php/educacionXX1/article/view/17514/14947</a>
902 ## - ELEMENTOS DE DATOS B LOCAL, LDB (RLIN)
Creó GloriaJiménez/081122
Modificó GloriaJiménez/081122
905 ## - TIPO DE MATERIAL
Tipo de material Articulo
942 ## - ELEMENTOS DE PUNTO DE ACCESO ADICIONAL (KOHA)
Tipo de ítem Koha Artículo Electrónico
Holdings
Estado de retiro Estado de pérdida Estado dañado No para préstamo Código de colección Localización permanente Ubicación/localización actual Ubicación en estantería Fecha de adquisición Total de préstamos Fecha visto por última vez Identificador Uniforme del Recurso Precio válido a partir de Tipo de ítem Koha
        Acceso abierto Bib. Gregorio Torres Quintero Bib. Gregorio Torres Quintero En línea 08/11/2022   08/11/2022 http://revistas.uned.es/index.php/educacionXX1/article/view/17514/14947 08/11/2022 Artículo Electrónico